| Поле | Инд. | ПП | Название | Значение |
|---|---|---|---|---|
| Тип записи | a | |||
| Библиографический уровень | m | |||
| 001 | Контрольный номер | 4ae50c6c-a7d5-487a-ab22-01be79f1b7a5 | ||
| 005 | Дата корректировки | 20220621163404.5 | ||
| 008 | Кодируемые данные | 981224 d | ||
| 020 | a | ISBN | 5-211-03160-1 | |
| 080 | a | Индекс УДК | 1 | |
| 084 | a | Индекс другой классификации/Индекс ББК | Ю3 | |
| a | Индекс другой классификации/Индекс ББК | Э210.0 | ||
| 090 | a | Полочн. индекс | Ю3 | |
| x | Авторский знак | Э 46 | ||
| 100 | 1_ | a | Автор | Элиаде Мирча |
| e | Роль лиц | Автор | ||
| 245 | 00 | a | Заглавие | Священное и мирское |
| c | Ответственность | Мирча Элиаде ; перевод с французского, предисловия и комментарии Н. К. Гарбовского | ||
| 260 | 0_ | a | Место издания | Москва |
| b | Издательство | Московский университет | ||
| c | Дата издания | 1994 | ||
| 300 | a | Объем | 143, [1] с. | |
| 504 | a | Библиография | Список произведений М. Элиаде: с. 143-144. -Библиогр.:с. 140-142.- Перевод изд.: Le sacre et le profane / Mircea Eliade (Qallimard) | |
| 653 | 0_ | a | Ключевые слова | Космизм |
| a | Ключевые слова | Миропонимание | ||
| a | Ключевые слова | Миф | ||
| a | Ключевые слова | Философия России | ||
| 700 | 12 | a | Другие авторы | Гарбовский Н. К. |
| e | Роль лиц | пер., авт. предисл., коммент. | ||
| 852 | 41 | i | Расстановочный признак | Проверка 2022 |
| 901 | t | Тип документа | m | |
| 920 | a | Оператор | Поля | |
| a | Оператор | Петр | ||
| 930 | a | Новая/Ретро | ретро | |
| 952 | c | Вид литературы | К рн | |
| 954 | a | Дата поступления на обработку | 27.09.95 | |
| e | Дата перешифровки | 20220216 | ||
| 954 | a | Дата поступления на обработку | 20220621 |